Harry Potter 3: The Firebolt Quiz Stats

 Plays Quiz not verified by Sporcle

Score 0/33 Timer 04:00
0 Plays Today
Characters % Correct
Ron Weasley
99.1%
Harry Potter
98.8%
Hermione Granger
98.1%
Fred Weasley
97.6%
Sirius Black
97.6%
Albus Dumbledore
97.2%
George Weasley
97.2%
Minerva McGonagall
96.1%
Percy Weasley
96%
Molly Weasley
95.1%
Arthur Weasley
94.4%
Remus Lupin
93.5%
Rubeus Hagrid
92.8%
Draco Malfoy
92.7%
Peter Pettigrew
91.1%
Severus Snape
90.2%
Lucius Malfoy
88.1%
Characters % Correct
Filius Flitwick
87.6%
Neville Longbottom
86%
Crookshanks
83.4%
Sybill Trelawney
83.2%
Seamus Finnigan
82.9%
Pomona Sprout
81%
Buckbeak
75.6%
Argus Filch
74.7%
Cornelius Fudge
73.1%
Lord Voldemort
69.5%
Fang
68.1%
Vernon Dursley
68.1%
Sir Cadogan
59.2%
Rolanda Hooch
57.6%
Norbert
39.1%
Derek
32.6%

You're not logged in!

Compare scores with friends on all Sporcle quizzes.
OR
Log In

Show Comments

Extras

Top Quizzes Today


Score Distribution

Your Account Isn't Verified!

In order to create a playlist on Sporcle, you need to verify the email address you used during registration. Go to your Sporcle Settings to finish the process.

Report this User

Report this user for behavior that violates our Community Guidelines.

Details: